000 00863nam0a22002531 4500
001 rc\3019542
005 20250806201334.0
035 _a(NLR Aleph) 007161702
090 _a23254
_c23254
100 _a20110927d1945 u y0rusy50 ca
101 0 _arus
102 _aRU
105 _ay z |||||
200 1 _aСообщение о Берлинской конференции трех держав
210 _aЯкутск
_cЯкутгосиздат
_d1945
_gЯкутгостип.
215 _a20 с.
_d21 см
710 1 2 _aКонференция трех держав - СССР, США и Великобритании
_eБерлин
_f1945
801 0 _aRU
_bNLR
_gpsbo
801 1 _aRU
_bELAR
_2rusmarc
852 _aNLR
_jИ24 Г-4/143
942 _cBOOK
945 _aРоссийская национальная библиотека
980 _aNB
980 _aBV